000 00368pab a2200145 454500
008 180718b1987 xxu||||| |||| 00| 0 eng d
100 _aSau, Ranjit
245 _aInterest, profit and wages
_bA Keynes - Ricardian approach
260 _c1987
300 _a2067-70
362 _a28 Nov.
650 _aWages
773 _aEconomic and Political Weekly
909 _a20516
999 _c20516
_d20516